000
00323nam a22001457a 4500
008
221201b ||||| |||| 00| 0 eng d
020
_a
9780121335700
041
_a
eng
080
_a
616.8
082
_a
616.8
100
_a
12
101
_a
PSI
245
_a
OPTICAL COHERENCE TOMOGRAPHY
_c
BREZINSKI M
942
_2
udc
_c
BK
999
_c
59061
_d
59061